000 00357nam a2200145Ia 4500
008 240624s9999 xx 000 0 und d
041 _aeng
082 _a303.48203 ANH
100 _aANHEIER HELMUT K
245 _aENCYCLOPEDIA OF GLOBAL STUDIES
260 _c2012
_aLondon
_bSage
300 _axl, : 438 : p. : cm. ; 28
365 _cGBP
_b38
440 _v4
999 _c24312
_d24312